000 00515nam a22001577a 4500
008 130821s enk gr eng
040 _aCo-BoUCM
_bspa
041 0 0 _aeng
100 _aFlacci, Q. Horatti
_9150557
245 0 0 _aOpera
_cQ. Horatti Flacci
260 _aOxford (Oxfordshire, Inglaterra)
_bTypographeo Clarendoniano, s.f.
_c[fecha desconocida]
300 _a180 páginas
650 0 4 _aOpera latina
_920759
942 _cLIBRO
_a17
_e1
_mF51O
_n0
_2DEWEY
_h782.1
999 _c87532
_d87532